Memoria presentada por la Junta directiva a la Asamblea General el día 28 de febrero de 1895 / (Record no. 184272)

MARC details
000 -LEADER
campo de control de longitud fija 00715nam a2200181 i 4500
001 - NÚMERO DE CONTROL
campo de control 184272
003 - IDENTIFICADOR DE NÚMERO DE CONTROL
campo de control ES-MaACL
005 - FECHA Y HORA DE LA ÚLTIMA TRANSACCIÓN
campo de control 20250901095956.0
007 - CAMPO FIJO DE DESCRIPCIÓN FÍSICA--INFORMACIÓN GENERAL
campo de control de longitud fija t|
008 - DATOS DE LONGITUD FIJA--INFORMACIÓN GENERAL
campo de control de longitud fija 150605s1895 sp ||||1| spa d
110 2# - ENTRADA PRINCIPAL--NOMBRE DE ENTIDAD CORPORATIVA
Nombre de entidad corporativa o nombre de jurisdicción como elemento de entrada Cámara de Comercio, Industria y Navegación de Madrid
9 (RLIN) 2367
245 10 - MENCIÓN DEL TÍTULO
Título Memoria presentada por la Junta directiva a la Asamblea General el día 28 de febrero de 1895 /
Mención de responsabilidad, etc. Cámara de Comercio, Industria y Navegación de Madrid.
260 ## - PUBLICACIÓN, DISTRIBUCIÓN, ETC.
Lugar de publicación, distribución, etc. Madrid :
Nombre del editor, distribuidor, etc. [s.n.],
Fecha de publicación, distribución, etc. 1895 (
Fabricante Tip. de Tomás Minuesa de los Ríos)
300 ## - DESCRIPCIÓN FÍSICA
Extensión 254 p. ;
Dimensiones 23 cm.
610 24 - PUNTO DE ACCESO ADICIONAL DE MATERIA--NOMBRE DE ENTIDAD CORPORATIVA
Nombre de entidad corporativa o nombre de jurisdicción como elemento de entrada Cámara de Comercio, Industria y Navegación de Madrid-
Subdivisión de forma Memorias.
9 (RLIN) 150719
852 ## - LOCALIZACIÓN
Ubicación ES-MaACL
Número de control de estantería T-804-F-3
Holdings
Estatus retirado Estado de pérdida Estado de daño No para préstamo Colección Biblioteca de origen Biblioteca actual Ubicación en estantería Fecha de adquisición Fuente de adquisición Total de préstamos Signatura topográfica completa Código de barras Visto por última vez Precio de reemplazo Tipo de ítem Koha
        Colección de folletos Biblioteca del Ateneo de Madrid Biblioteca del Ateneo de Madrid Depósito folletos 05/06/2015     T-804-F-3 1193836 23/02/2023 23/02/2023 Folleto